|
|
|
|
| LEADER |
01601cas a2200241 a 4500 |
| 001 |
AALejournalIMF007375 |
| 008 |
230101c9999 xx r poo 0 0eng d |
| 020 |
|
|
|c 5.00 USD
|
| 020 |
|
|
|z 9781451856293
|
| 022 |
|
|
|a 1018-5941
|
| 040 |
|
|
|a BD-DhAAL
|c BD-DhAAL
|
| 100 |
1 |
|
|a Swagel, Phillip.
|
| 245 |
1 |
0 |
|a Union Behavior, Industry Rents, and Optimal Policies /
|c Phillip Swagel.
|
| 264 |
|
1 |
|a Washington, D.C. :
|b International Monetary Fund,
|c 1996.
|
| 300 |
|
|
|a 1 online resource (31 pages)
|
| 490 |
1 |
|
|a IMF Working Papers
|
| 500 |
|
|
|a <strong>Off-Campus Access:</strong> No User ID or Password Required
|
| 500 |
|
|
|a <strong>On-Campus Access:</strong> No User ID or Password Required
|
| 506 |
|
|
|a Electronic access restricted to authorized BRAC University faculty, staff and students
|
| 520 |
3 |
|
|a This paper examines the supposed welfare gains from strategic trade and industrial policies in the U.S. steel industry. Strategic policies to capture labor rents lead to an endogenous response which greatly diminishes their importance. On the other hand, reducing domestic labor market distortions results in welfare gains nearly as large as those from optimal trade and industrial policies. The paper concludes that the focus on labor rents as the subject of U.S. trade and industrial policy is overstated, at least in manufacturing industries such as integrated steel.
|
| 538 |
|
|
|a Mode of access: Internet
|
| 830 |
|
0 |
|a IMF Working Papers; Working Paper ;
|v No. 1996/143
|
| 856 |
4 |
0 |
|z Full text available on IMF
|u http://elibrary.imf.org/view/journals/001/1996/143/001.1996.issue-143-en.xml
|z IMF e-Library
|